Constitucionalismo y Democracia
Збережено в:
| Автор: | |
|---|---|
| Інші автори: | |
| Формат: | Невідомо |
| Мова: | Англійська Іспанська |
| Опубліковано: |
Ciudad de México, México
Fondo de Cultura Económica
1999
|
| Редагування: | Primera edición |
| Серія: | Administración Política
|
| Предмети: | |
| Теги: |
Додати тег
Немає тегів, Будьте першим, хто поставить тег для цього запису!
|
MARC
| LEADER | 00000 a2200000 4500 | ||
|---|---|---|---|
| 003 | CL-VaPUC | ||
| 005 | 20210625001759.0 | ||
| 008 | 200117b ||||| |||| 00| 0 eng d | ||
| 999 | |c 376158 |d 376156 | ||
| 020 | |a 9789681649272 | ||
| 040 | |c Pontificia Universidad Católica de Valparaíso | ||
| 041 | 0 | |a spa | |
| 082 | |a 342.029 ELS 1999 | ||
| 100 | 1 | |a Elster, Jon |9 605071 | |
| 245 | 1 | 0 | |a Constitucionalismo y Democracia |
| 250 | |a Primera edición | ||
| 260 | 3 | |b Fondo de Cultura Económica |c 1999 |a Ciudad de México, México | |
| 300 | |a 381 p | ||
| 490 | 0 | 0 | |a Administración Política |
| 583 | |k Hugo Gaete |c 20200117 | ||
| 650 | 0 | 0 | |a Constitucionalismo |9 341373 |
| 650 | 0 | 0 | |a Democracia |9 255256 |
| 700 | 1 | |a Slagstad, Rune |9 608570 | |
| 942 | |2 ddc |c BK | ||
| 952 | |0 0 |1 0 |2 ddc |4 0 |6 342_029000000000000_ELS_1999 |7 0 |9 495326 |a BIBDER |b BIBDER |d 2020-01-02 |e 36 |g 12308.00 |i 5569338 |o 342.029 ELS 1999 |p 5569338 |r 2023-01-25 |t 1 |v 12308.00 |w 2020-01-02 |y BK |k DER | ||